Ngữ pháp tiếng Anh hiện đại (Song ngữ Anh - Việt): Sách ngữ pháp tiếng Anh đầy đủ và dẽ hiểu dành cho sinh viên Việt Nam = Modern English grammar

保存先:
書誌詳細
第一著者: Nguyễn Văn Ân
フォーマット: 図書
言語:Undetermined
出版事項: Tp. HCM ĐHQG 2003
主題:
タグ: タグ追加
タグなし, このレコードへの初めてのタグを付けませんか!
Thư viện lưu trữ: Trung tâm Học liệu Trường Đại học Cần Thơ
LEADER 00689nam a2200205Ia 4500
001 CTU_57023
008 210402s9999 xx 000 0 und d
020 |b 152000 
082 |a 425 
082 |b Â121 
100 |a Nguyễn Văn Ân 
245 0 |a Ngữ pháp tiếng Anh hiện đại (Song ngữ Anh - Việt): Sách ngữ pháp tiếng Anh đầy đủ và dẽ hiểu dành cho sinh viên Việt Nam = 
245 0 |b Modern English grammar 
245 0 |c Nguyễn Văn Ân 
260 |a Tp. HCM 
260 |b ĐHQG 
260 |c 2003 
650 |a english language 
650 |x grammar 
980 |a Trung tâm Học liệu Trường Đại học Cần Thơ